[Event "Interclubs Adultes"]
[Site "Evry"]
[Date "31/05/2008"]
[Round "10.5"]
[White "Kazhgaleyev, Murtas"]
[Black "Maze, Sebastien"]
[Result "1-0"]
[WhiteElo "2617"]
[BlackElo "2565"]
[WhiteTeam "Cannes"]
[BlackTeam "Montpellier"]
*
1. d4 Nf6 2. c4 e6 3. Nc3 Bb4 4. Qc2 O-O 5. e4 d5 6. e5 Ne4 7. Bd3 c5 8. Nge2
cxd4 9. Nxd4 Nd7 10. Bf4 Ndc5 11. O-O Nxd3 12. Qxd3 Nxc3 13. bxc3 Be7 14. Rad1
Kh8 15. Qg3 Bd7 16. cxd5 exd5 17. Rd3 Rc8 18. Rb1 b6 19. Qf3 Be6 20. Qh5 Qd7
21. Rg3 Rg8 22. Rd1 Rc4 23. Rdd3 g6 24. Qh6 Bf8 25. Qh4 Be7 26. Bg5 Bxg5 27.
Qxg5 Qd8 28. Qh6 Qf8 29. Qf4 Qg7 30. h4 h6 31. Qe3 Rgc8 32. h5 1-0

[Event "Interclubs Adultes"]
[Site "Evry"]
[Date "01/06/2008"]
[Round "11.5"]
[White "Naiditsch, Arkadij"]
[Black "Nataf, Igor-Alexandre"]
[Result "1/2-1/2"]
[WhiteElo "2623"]
[BlackElo "2543"]
[WhiteTeam "Clichy"]
[BlackTeam "Cannes"]

1. d4 Nf6 2. Nf3 g6 3. Bf4 Bg7 4. e3 d6 5. Be2 O-O 6. O-O Nfd7 7. h3 e5 8. Bh2
Nc6 9. c3 f5 10. Na3 Kh8 11. Re1 a6 12. Rc1 Qe7 13. c4 g5 14. c5 dxc5 15. Nxe5
Ncxe5 16. dxe5 Bxe5 17. Bxe5+ Qxe5 18. Nc4 Qe7 19. f4 b5 20. Bf3 Rb8 21. Na5
Rb6 22. Nc6 Qg7 23. fxg5 Bb7 24. Na5 Bxf3 25. Qxf3 Ne5 26. Qe2 c4 27. Rf1 Nd3
28. Rc2 Re6 29. h4 f4 30. b3 Rxe3 31. Qd2 Qd4 32. Qc3 Qxc3 33. Rxc3 Kg7 34.
bxc4 b4 35. Rb3 c5 36. Nb7 Rfe8 37. a3 Kg6 38. axb4 cxb4 39. c5 Rg3 40. Rd1 Re2
41. Rbxd3 Rgxg2+ 42. Kh1 Rh2+ 43. Kg1 Reg2+ 44. Kf1 Rc2 45. Kg1 Rcg2+ 46. Kf1
Rf2+ 47. Kg1 Kh5 48. Nd6 Rfg2+ 49. Kf1 Rc2 50. Kg1 Kg4 51. Nc4 Rcg2+ 52. Kf1
Rf2+ 53. Kg1 Kxh4 54. Ne5 Rhg2+ 55. Kh1 Rh2+ 56. Kg1 Rfg2+ 57. Kf1 Rf2+ 58. Kg1
f3 1/2-1/2

[Event "Interclubs Adultes"]
[Site "Evry"]
[Date "01/06/2008"]
[Round "11.6"]
[White "Kazhgaleyev, Murtas"]
[Black "Edouard, Romain"]
[Result "1-0"]
[WhiteElo "2617"]
[BlackElo "2509"]
[WhiteTeam "Cannes"]
[BlackTeam "Clichy"]

1. d4 d5 2. c4 dxc4 3. Nf3 Nf6 4. e3 e6 5. Bxc4 c5 6. O-O a6 7. dxc5 Bxc5 8.
Qxd8+ Kxd8 9. Nbd2 Ke7 10. Be2 Bd7 11. b3 Bb5 12. Nc4 Nbd7 13. Nd4 Ne4 14. Bb2
Bxc4 15. bxc4 f6 16. Rfd1 Ne5 17. Nb3 Bd6 18. f4 Nd7 19. Bf3 f5 20. Bxe4 fxe4
21. Bxg7 Rhc8 22. Rd4 Ba3 23. Rxe4 Kf7 24. Rd1 Nb6 25. Bc3 Rxc4 26. Rxc4 Nxc4
27. Rd7+ Kg6 28. Kf2 Rc8 29. Bd4 a5 30. Rg7+ Kh6 31. Rxb7 a4 32. Ra7 axb3 33.
axb3 Bb2 34. bxc4 Bxd4 35. exd4 Rxc4 36. Ra6 Rxd4 37. Rxe6+ Kh5 38. Kf3 Rd3+
39. Re3 Rd2 40. Kg3 Kg6 41. Re6+ Kf5 42. Re5+ Kf6 43. h3 Kg6 44. Kf3 Ra2 45. g4
Kf6 46. h4 Ra3+ 47. Re3 Ra1 48. g5+ Kf5 49. Re5+ Kg6 50. Re6+ Kf7 51. Rb6 Rg1
52. Rb7+ Kg8 53. f5 Ra1 54. Kg4 Ra4+ 55. Kh5 1-0

[Event "Interclubs Adultes"]
[Site "Evry"]
[Date "01/06/2008"]
[Round "11.7"]
[White "Apicella, Manuel"]
[Black "Cornette, Matthieu"]
[Result "1/2-1/2"]
[WhiteElo "2532"]
[BlackElo "2496"]
[WhiteTeam "Clichy"]
[BlackTeam "Cannes"]

1. e4 e6 2. d4 d5 3. Nc3 Bb4 4. e5 c5 5. a3 Bxc3+ 6. bxc3 Ne7 7. Qg4 cxd4 8.
cxd4 Qc7 9. Ra2 Nf5 10. Nf3 Nc6 11. Bd2 h5 12. Qf4 Qb6 13. Bc1 Ncxd4 14. Nxd4
Qxd4 15. Bd3 Bd7 16. Bxf5 Qxf4 17. Bxf4 exf5 18. Be3 Ba4 19. Kd2 b6 20. h4 Kd7
21. Rh3 Ke6 22. Bd4 Rac8 23. Rg3 g6 24. f4 Rc4 25. c3 Rhc8 26. Re3 Bd7 27. Re1
Ra4 28. Rb1 Ra5 29. Rb4 Bb5 30. Kc2 Bf1 31. g3 Rc6 32. Ra1 Bc4 33. Kb2 b5 34.
Kc1 Rca6 35. Kb2 Kd7 36. Bc5 Kc6 37. Be7 Kd7 38. Bc5 Ke6 39. Bd4 Bd3 40. Bc5
Rc6 41. Bd4 Ra4 42. Rd1 Bc4 43. Rxa4 bxa4 44. Ka1 Bb3 45. Rb1 Rc7 46. Kb2 Kd7
47. Kc1 Kc6 48. Kd2 Rb7 49. Rb2 a6 50. Rb1 Rb5 51. Rb2 Bc4 52. Rxb5 Kxb5 53.
Be3 Bf1 54. Bd4 Kc4 55. Bb6 Bg2 56. Bd4 Kb3 57. Bc5 Be4 58. Bd6 Kc4 59. Bc7 Bd3
60. Bb6 Bf1 61. Bd4 Kb3 62. Bc5 Bb5 63. Be7 Kc4 64. Bf6 Bd7 65. Bd8 Bb5 66. Bb6
Kb3 67. Bc5 Bf1 68. Be7 a5 69. Bc5 Ba6 70. Be7 Bb5 71. Bc5 Ba6 72. Be7 Kc4 73.
Bf6 Bb5 74. Bg7 Kb3 1/2-1/2

[Event "Interclubs Adultes"]
[Site "Evry"]
[Date "01/06/2008"]
[Round "11.1"]
[White "Van Wely, Loek"]
[Black "Vachier-Lagrave, Maxime"]
[Result "1/2-1/2"]
[WhiteElo "2676"]
[BlackElo "2632"]
[WhiteTeam "Montpellier"]
[BlackTeam "Evry Grand Roque"]

1. c4 e5 2. Nc3 Nf6 3. Nf3 Nc6 4. g3 Bb4 5. Bg2 O-O 6. O-O e4 7. Ng5 Bxc3 8.
bxc3 Re8 9. Qc2 d5 10. cxd5 Qxd5 11. d3 Bf5 12. Rb1 h6 13. Nxe4 Nxe4 14. c4 Qe6
15. dxe4 Bxe4 16. Qxe4 Qxe4 17. Bxe4 Rxe4 18. Rxb7 Rc8 19. Be3 Rxc4 20. Rc1
Rxc1+ 21. Bxc1 a6 22. Kf1 g5 23. f4 f6 24. fxg5 hxg5 25. h4 gxh4 26. gxh4 Nd4
27. Ra7 Re8 28. e3 Nf5 29. Rxa6 Nxe3+ 30. Kf2 Ng4+ 31. Kg3 Ne5 32. h5 Nd3 33.
Bh6 Re5 34. Kh4 Re4+ 35. Kg3 Re5 36. Kh4 Re4+ 37. Kg3 1/2-1/2

[Event "Interclubs Adultes"]
[Site "Evry"]
[Date "01/06/2008"]
[Round "11.2"]
[White "Feller, Sebastien"]
[Black "Bauer, Christian"]
[Result "0-1"]
[WhiteElo "2540"]
[BlackElo "2618"]
[WhiteTeam "Evry Grand Roque"]
[BlackTeam "Montpellier"]

1. d4 a6 2. e4 e6 3. Nf3 d5 4. Nc3 Nf6 5. Bd3 c5 6. dxc5 Bxc5 7. O-O Nc6 8. Bg5
d4 9. Ne2 h6 10. Bd2 e5 11. Ng3 O-O 12. h3 Be6 13. Qe2 Re8 14. a3 Rc8 15. Nh2
Bf8 16. Ng4 Nxg4 17. hxg4 g6 18. f3 Na5 19. b3 b5 20. Qf2 Nb7 21. Bb4 Nc5 22.
Bxc5 Rxc5 23. Ne2 Qc7 24. a4 Rb8 25. axb5 axb5 26. Ra6 Be7 27. g3 Qc8 28. Ra7
Rc7 29. Rxc7 Qxc7 30. Ra1 Kg7 31. Kg2 Qd7 32. f4 Bxg4 33. fxe5 Bxe2 34. Qxe2
Qe6 35. Qf2 h5 36. Qf4 h4 37. g4 Rc8 38. Ra5 Qb6 39. Ra1 Rc5 40. Kh3 Qe6 41.
Ra5 Rxe5 42. Ra7 Bf6 43. Qf3 Qd6 44. Qf4 g5 45. Qf2 Rc5 46. Qf3 Be7 47. Qf2 Bf6
48. Ra5 Bd8 49. Ra1 Bc7 50. Rf1 f6 51. Ra1 Re5 52. Ra7 Re7 53. Ra8 Qc6 54. Ra7
Qc5 55. Rb7 Bb6 56. Rb8 Qd6 57. Ra8 Ra7 58. Re8 Ra1 59. Kg2 h3+ 60. Kxh3 Ba7
61. Bxb5 Bb8 62. Bd3 Qc5 63. Bb5 Qd6 0-1

[Event "Interclubs Adultes"]
[Site "Evry"]
[Date "01/06/2008"]
[Round "11.3"]
[White "Prie, Eric"]
[Black "Relange, Eloi"]
[Result "1/2-1/2"]
[WhiteElo "2520"]
[BlackElo "2479"]
[WhiteTeam "Montpellier"]
[BlackTeam "Evry Grand Roque"]

1. d4 Nf6 2. Nf3 g6 3. Bf4 Bg7 4. e3 O-O 5. Be2 d6 6. O-O b6 7. c4 Bb7 8. Nc3
a6 9. h3 e6 10. Qc2 Qe7 11. Rfd1 Nbd7 12. Bh2 Rfd8 13. Rac1 c5 14. a3 cxd4 15.
exd4 d5 16. cxd5 Nxd5 17. Nxd5 Bxd5 18. Qc7 Qe8 19. Qf4 Rdc8 20. Bg3 b5 21. Ne5
h6 22. h4 h5 23. Bd3 Nf6 24. Qe3 Rxc1 1/2-1/2

[Event "Interclubs Adultes"]
[Site "Evry"]
[Date "01/06/2008"]
[Round "11.4"]
[White "Chuchelov, Vladimir"]
[Black "Flear, Glenn C"]
[Result "1-0"]
[WhiteElo "2553"]
[BlackElo "2508"]
[WhiteTeam "Evry Grand Roque"]
[BlackTeam "Montpellier"]

1. c4 e6 2. Nf3 d5 3. d4 Nf6 4. Nc3 c6 5. Bg5 Nbd7 6. cxd5 exd5 7. e3 Be7 8.
Bd3 O-O 9. Qc2 Re8 10. h3 Nf8 11. Bf4 Bd6 12. Bxd6 Qxd6 13. O-O-O Bd7 14. Kb1
Rac8 15. g4 c5 16. dxc5 Qxc5 17. Nd4 Ne4 18. Nxe4 dxe4 19. Qxc5 Rxc5 20. Nb3
Rc7 21. Bc2 g6 22. Rd5 Be6 23. Rc5 Rxc5 24. Nxc5 Bd5 25. Rd1 Re5 26. b4 b6 27.
Na4 Kg7 28. Nc3 Bb7 29. Rd8 h5 30. Rb8 Bc6 31. Rc8 Bd7 32. Rc7 hxg4 33. hxg4 a5
34. Nxe4 Bxg4 35. f4 Rh5 36. Ng5 Bd7 37. bxa5 Rh1+ 38. Kb2 bxa5 39. Bb3 Re1 40.
Nxf7 a4 41. Bc4 a3+ 42. Kc2 Ba4+ 43. Kd2 Rd1+ 44. Kc3 Kf6 45. Ng5 Bd7 46. Ra7
1-0

[Event "Interclubs Adultes"]
[Site "Evry"]
[Date "01/06/2008"]
[Round "11.5"]
[White "Hamdouchi, Hichem"]
[Black "Hauchard, Arnaud"]
[Result "1/2-1/2"]
[WhiteElo "2576"]
[BlackElo "2490"]
[WhiteTeam "Montpellier"]
[BlackTeam "Evry Grand Roque"]

1. e4 c6 2. d4 d5 3. e5 c5 4. c4 e6 5. Nf3 Nc6 6. Nc3 cxd4 7. Nxd4 dxc4 8. Nxc6
Qxd1+ 9. Kxd1 bxc6 10. Ne4 Ba6 11. Kc2 h5 12. Be2 Nh6 13. Bxh6 Rxh6 14. Rad1
Be7 15. Kc3 Rb8 16. Nd6+ Kf8 17. b3 h4 18. bxc4 Bd8 19. Bf3 c5 20. Rb1 Bb6 21.
Rhd1 Ke7 22. Kc2 Rhh8 23. Rb3 Rhd8 24. Ra3 Bc8 25. Bc6 f6 26. f4 Bd7 27. Bxd7
Rxd7 28. Rad3 Rdd8 29. Re1 fxe5 30. fxe5 Bc7 31. Ra3 a6 32. Rxa6 Ra8 33. Rxa8
Rxa8 34. Nb5 Rxa2+ 35. Kb3 Ba5 1/2-1/2

[Event "Interclubs Adultes"]
[Site "Evry"]
[Date "01/06/2008"]
[Round "11.6"]
[White "Chabanon, Jean-Luc"]
[Black "Libiszewski, Fabien"]
[Result "1-0"]
[WhiteElo "2454"]
[BlackElo "2465"]
[WhiteTeam "Evry Grand Roque"]
[BlackTeam "Montpellier"]

1. d4 Nf6 2. Nf3 g6 3. c4 Bg7 4. Nc3 O-O 5. e4 d6 6. Be2 e5 7. Be3 Na6 8. O-O
c6 9. Re1 Ng4 10. Bg5 f6 11. Bh4 h5 12. h3 Nh6 13. c5 g5 14. Bg3 g4 15. hxg4
hxg4 16. Nh4 dxc5 17. Bxa6 bxa6 18. dxe5 fxe5 19. Ng6 Qxd1 20. Rexd1 Re8 21.
Na4 Kh7 22. Nh4 Rb8 23. a3 Nf7 24. Rac1 Ng5 25. Nxc5 Rxb2 26. Nf5 Bxf5 27. exf5
Rf8 28. f6 Bh6 29. Nd7 Rf7 30. Nxe5 Rxf6 31. Rd7+ Bg7 32. Nxg4 Rf7 33. Rxf7
Nxf7 34. Rxc6 a5 35. Nf6+ 1-0

[Event "Interclubs Adultes"]
[Site "Evry"]
[Date "01/06/2008"]
[Round "11.7"]
[White "Maze, Sebastien"]
[Black "Brochet, Philippe"]
[Result "1/2-1/2"]
[WhiteElo "2565"]
[BlackElo "2374"]
[WhiteTeam "Montpellier"]
[BlackTeam "Evry Grand Roque"]

1. e4 c5 2. Nf3 e6 3. c3 d5 4. exd5 exd5 5. d4 c4 6. b3 cxb3 7. axb3 Bd6 8. Bd3
Ne7 9. h3 Bf5 10. O-O Qc8 11. Bxf5 Qxf5 12. Na3 Nbc6 13. Nc2 O-O 14. Ne3 Qg6
15. c4 a6 16. Bb2 Rad8 17. Qb1 Rfe8 18. Rd1 Bf4 19. Re1 f6 20. Bc3 Qxb1 21.
Raxb1 Kf7 22. g3 Bb8 23. Rbd1 Rd7 24. Rd2 Red8 25. Kg2 Bd6 26. c5 Bc7 27. Rde2
Na7 28. Nh4 Nb5 29. Bb2 Nc6 30. Nc2 Re7 31. Nf5 Rxe2 32. Rxe2 g6 33. Nh6+ Kg7
34. Ng4 Kf7 35. Nh6+ Kg7 36. Ng4 Kf7 37. Nh6+ Kf8 38. Ng4 1/2-1/2

[Event "Interclubs Adultes"]
[Site "Evry"]
[Date "01/06/2008"]
[Round "11.8"]
[White "Roumegous, Marina"]
[Black "Milliet, Sophie"]
[Result "0-1"]
[WhiteElo "2217"]
[BlackElo "2354"]
[WhiteTeam "Evry Grand Roque"]
[BlackTeam "Montpellier"]

1. d4 Nf6 2. Nf3 c5 3. d5 b5 4. Bg5 Qb6 5. a4 b4 6. e3 Ne4 7. Bf4 d6 8. Nbd2
Nxd2 9. Nxd2 g6 10. Bb5+ Nd7 11. O-O Bg7 12. e4 O-O 13. Nc4 Qc7 14. Qd2 Rd8 15.
Rab1 Nb6 16. Bg5 Bd7 17. Nxb6 axb6 18. Bxd7 Qxd7 19. b3 b5 20. axb5 Rdb8 21.
Qd3 h6 22. Bh4 Ra7 23. f4 Qxb5 24. Qxb5 Rxb5 25. Rbe1 Bd4+ 26. Bf2 Bc3 27. Re2
Ra2 28. Be1 Bd4+ 29. Bf2 Bc3 30. Be1 Ba1 31. Kf2 Bd4+ 32. Kf3 Ra1 33. g3 Rb7
34. Kg2 Ra2 35. Bf2 Bc3 36. Kf3 Rba7 37. Ke3 Ra1 38. Rxa1 Rxa1 39. Kd3 h5 40.
Kc4 Rh1 41. Be3 Rd1 42. Kb5 f5 43. exf5 gxf5 44. Kc6 Kf7 45. Bf2 Bf6 46. Be3 h4
47. gxh4 Bxh4 48. Bf2 Bf6 49. Be3 Kg6 50. Bd2 Kh5 51. Kd7 Kg4 52. Ke6 Kf3 53.
Re3+ Kf2 54. Rd3 Ke2 55. h4 Rxd2 56. Rh3 Rxc2 57. h5 Rc3 58. Rh2+ Kf3 59. Kxf5
Kg3 60. Rh1 Kg2 61. Rb1 Rd3 62. h6 Rxd5+ 63. Kg6 Rd3 64. h7 Rg3+ 65. Kh6 Rh3+
66. Kg6 Rh1 67. Rb2+ 0-1

[Event "Interclubs Adultes"]
[Site "Evry"]
[Date "2008.06.01"]
[Round "11.2"]
[White "Gurevich, Mikhail"]
[Black "Wirig, Anthony"]
[Result "1-0"]
[WhiteElo "2611"]
[BlackElo "2477"]
[PlyCount "81"]
[EventDate "1.??.??"]
[WhiteTeam "Gonfreville l'Orcher"]
[BlackTeam "Mulhouse Philidor"]

1. c4 c5 2. g3 g6 3. Bg2 Bg7 4. Nc3 Nc6 5. a3 b6 6. e3 Bb7 7. Nge2 d6 8. d4 Qd7
9. d5 Na5 10. b3 a6 11. Rb1 Bc8 12. O-O Rb8 13. e4 Qc7 14. Qc2 Bd7 15. Bd2 Nf6
16. h3 O-O 17. Nd1 e5 18. Ne3 Nh5 19. Kh2 Nb7 20. Bf3 Nf6 21. Bg2 Nh5 22. Bf3
Nf6 23. Nc1 Kh8 24. Nd3 a5 25. Bg2 Rbe8 26. Bc3 Re7 27. f4 exf4 28. Rxf4 Ne8
29. Rbf1 Nd8 30. h4 Kg8 31. Bxg7 Nxg7 32. g4 h5 33. g5 b5 34. a4 bxa4 35. bxa4
Bc8 36. Nd1 Ba6 37. Qa2 Ne8 38. Ne3 Qb8 39. Kg1 Rb7 40. R1f2 Rb6 41. Qd2 1-0

[Event "Interclubs Adultes"]
[Site "Evry"]
[Date "2008.06.01"]
[Round "11.3"]
[White "Bricard, Emmanuel"]
[Black "Degraeve, Jean-Marc"]
[Result "1/2-1/2"]
[WhiteElo "2484"]
[BlackElo "2556"]
[PlyCount "21"]
[EventDate "1.??.??"]
[WhiteTeam "Mulhouse Philidor"]
[BlackTeam "Gonfreville l'Orcher"]

1. c4 Nf6 2. Nf3 g6 3. Nc3 Bg7 4. e4 d6 5. d4 O-O 6. Be2 e5 7. dxe5 dxe5 8.
Qxd8 Rxd8 9. Bg5 Nbd7 10. O-O-O Rf8 11. Nd2 1/2-1/2

[Event "Interclubs Adultes"]
[Site "Evry"]
[Date "2008.06.01"]
[Round "11.4"]
[White "Rausis, Igor"]
[Black "Genov, Petar"]
[Result "1/2-1/2"]
[WhiteElo "2511"]
[BlackElo "2474"]
[PlyCount "27"]
[EventDate "1.??.??"]
[WhiteTeam "Gonfreville l'Orcher"]
[BlackTeam "Mulhouse Philidor"]

1. g3 g6 2. Bg2 Bg7 3. c4 c5 4. Nc3 Nc6 5. a3 d6 6. e3 e5 7. Nge2 Nge7 8. Rb1
a5 9. O-O O-O 10. b3 Rb8 11. Bb2 Be6 12. d3 d5 13. cxd5 Nxd5 14. Ne4 1/2-1/2

[Event "Interclubs Adultes"]
[Site "Evry"]
[Date "2008.06.01"]
[Round "11.5"]
[White "Fischer, Marc"]
[Black "Payen, Arnaud"]
[Result "0-1"]
[WhiteElo "2248"]
[BlackElo "2372"]
[PlyCount "70"]
[EventDate "1.??.??"]
[WhiteTeam "Mulhouse Philidor"]
[BlackTeam "Gonfreville l'Orcher"]

1. c4 Nf6 2. Nf3 c5 3. g3 b6 4. Bg2 Bb7 5. O-O e6 6. Nc3 Be7 7. b3 O-O 8. Bb2
d6 9. d4 cxd4 10. Qxd4 Nbd7 11. e4 a6 12. Ne1 Qc7 13. h3 Rfe8 14. Kh2 Rad8 15.
Rd1 Qb8 16. Nc2 Bf8 17. f3 h5 18. Qf2 d5 19. cxd5 Bc5 20. Qd2 exd5 21. Nxd5
Bxd5 22. exd5 h4 23. f4 hxg3+ 24. Kxg3 Nh5+ 25. Kh2 Bd6 26. Bc1 g5 27. Qd3
Bxf4+ 28. Bxf4 Nxf4 29. Qg3 Re2 30. Rf2 Rde8 31. Rdf1 Rxf2 32. Rxf2 Qe5 33. Nb4
f6 34. Nc6 Qe1 35. Rf1 Qxg3+ 0-1

[Event "Interclubs Adultes"]
[Site "Evry"]
[Date "2008.06.01"]
[Round "11.6"]
[White "Eliet, Nicolas"]
[Black "Nass, Emile"]
[Result "1-0"]
[WhiteElo "2451"]
[BlackElo "2112"]
[PlyCount "85"]
[EventDate "1.??.??"]
[WhiteTeam "Gonfreville l'Orcher"]
[BlackTeam "Mulhouse Philidor"]

1. d4 e6 2. c4 d5 3. Nf3 Nf6 4. Bg5 c6 5. e3 Be7 6. Nc3 a6 7. Qc2 O-O 8. Rd1
Nbd7 9. a3 b5 10. c5 h6 11. Bf4 Nh5 12. b4 a5 13. Bd3 f5 14. Be5 Nhf6 15. Ne2
Nxe5 16. Nxe5 Qc7 17. O-O Bd7 18. Nf4 axb4 19. axb4 Ra4 20. Nfg6 Re8 21. Qb2
Bf8 22. Bc2 Ra6 23. f3 Rea8 24. Bb3 Be8 25. Nxf8 Kxf8 26. e4 fxe4 27. fxe4 Kg8
28. exd5 exd5 29. Qb1 Nd7 30. Rde1 Nxe5 31. dxe5 Ra3 32. Bc2 Qe7 33. e6 Ra1 34.
Qxa1 Rxa1 35. Rxa1 Qxe6 36. Rfe1 Qc8 37. Ra7 Bf7 38. Ree7 g6 39. Rxf7 Qg4 40.
Rg7+ Kf8 41. Raf7+ Ke8 42. Bxg6 Qd4+ 43. Kh1 1-0

[Event "Interclubs Adultes"]
[Site "Evry"]
[Date "2008.06.01"]
[Round "11.7"]
[White "Muller, Anne"]
[Black "Collas, Didier"]
[Result "0-1"]
[WhiteElo "2165"]
[BlackElo "2446"]
[PlyCount "132"]
[EventDate "1.??.??"]
[WhiteTeam "Mulhouse Philidor"]
[BlackTeam "Gonfreville l'Orcher"]

1. e4 c6 2. Nf3 d5 3. Nc3 a6 4. h3 d4 5. Ne2 c5 6. d3 Nc6 7. Bf4 e6 8. Ng3 Nge7
9. Be2 Ng6 10. Bd2 e5 11. O-O h5 12. Nh2 Nf4 13. Nxh5 Nxe2+ 14. Qxe2 Qh4 15.
Ng3 g6 16. Nf3 Qe7 17. c3 f6 18. Rac1 Be6 19. a3 Qd7 20. cxd4 cxd4 21. Rfe1
O-O-O 22. Ba5 Re8 23. b4 Kb8 24. Bb6 Bh6 25. Rb1 Na7 26. Bxa7+ Kxa7 27. b5 axb5
28. Qb2 Rc8 29. Qxb5 Qxb5 30. Rxb5 Rc3 31. Reb1 Rh7 32. Ra5+ Kb8 33. Ne1 Bd2
34. Ne2 Bxe1 35. Nxc3 Bxc3 36. Rab5 Ba2 37. Rf1 Kc7 38. f4 Kc6 39. a4 exf4 40.
Rxf4 Rf7 41. Rh4 Be6 42. Rh6 Rg7 43. Kf2 Bd2 44. Rh8 Bf4 45. g4 g5 46. Rh6 Rf7
47. Ke2 Kc7 48. a5 Bd7 49. Rb4 Be5 50. Rc4+ Kd6 51. Rb4 Bc6 52. h4 gxh4 53.
Rxh4 Rg7 54. Kf3 Rg8 55. Rh6 Kc5 56. Rc4+ Kb5 57. Rh1 Kxa5 58. Rb1 Ka6 59. Rc2
Ka7 60. Rc5 Bd7 61. Rg1 Kb6 62. Rc2 Bc6 63. Rb1+ Kc7 64. Rh1 Kd6 65. Ra2 Bd7
66. Rh4 b5 0-1

[Event "Interclubs Adultes"]
[Site "Evry"]
[Date "2008.06.01"]
[Round "11.8"]
[White "Collas, Silvia"]
[Black "Guth, Noel"]
[Result "1-0"]
[WhiteElo "2395"]
[BlackElo "2107"]
[PlyCount "58"]
[EventDate "1.??.??"]
[WhiteTeam "Gonfreville l'Orcher"]
[BlackTeam "Mulhouse Philidor"]

1. Nf3 Nf6 2. d4 d5 3. c4 c6 4. Nc3 a6 5. c5 g6 6. Bf4 Bg7 7. h3 O-O 8. e3 Nbd7
9. Bh2 Ne4 10. Qc2 Nxc3 11. Qxc3 f6 12. Be2 Qe8 13. Bc7 e5 14. Bd6 Rf7 15. dxe5
Nxe5 16. Nd4 f5 17. O-O-O Be6 18. f3 b6 19. Kb1 Rb7 20. g4 f4 21. cxb6 Rxb6 22.
Bc5 Rb7 23. Ba3 fxe3 24. Qxe3 Rab8 25. f4 c5 26. Nxe6 d4 27. Nxg7 Rxb2+ 28.
Bxb2 Rxb2+ 29. Kxb2 Qa4 1-0

[Event "Interclubs Adultes"]
[Site "Evry"]
[Date "2008.06.01"]
[Round "11.1"]
[White "Hracek, Zbynek"]
[Black "Riazantsev, Alexander"]
[Result "1/2-1/2"]
[WhiteElo "2613"]
[BlackElo "2638"]
[PlyCount "36"]
[EventDate "1.??.??"]
[WhiteTeam "Vandoeuvre"]
[BlackTeam "Metz Fischer"]

1. e4 e6 2. d4 d5 3. Nc3 Nf6 4. e5 Nfd7 5. f4 c5 6. Nf3 Nc6 7. Be3 Be7 8. Qd2
O-O 9. Be2 a6 10. O-O b5 11. a3 Bb7 12. dxc5 Bxc5 13. Bxc5 Nxc5 14. Nd4 Ne4 15.
Nxe4 dxe4 16. Rad1 Qc7 17. Qc3 Rac8 18. Nxc6 Qxc6 1/2-1/2

[Event "Interclubs Adultes"]
[Site "Evry"]
[Date "2008.06.01"]
[Round "11.2"]
[White "Svetushkin, Dmitry"]
[Black "Kasimdzhanov, Rustam"]
[Result "0-1"]
[WhiteElo "2568"]
[BlackElo "2681"]
[PlyCount "69"]
[EventDate "1.??.??"]
[WhiteTeam "Metz Fischer"]
[BlackTeam "Vandoeuvre"]

1. e4 e5 2. Nf3 Nc6 3. Bc4 Bc5 4. c3 Nf6 5. d3 d6 6. Bb3 a6 7. O-O Ba7 8. Nbd2
O-O 9. h3 Ne7 10. Re1 Ng6 11. Nf1 Bd7 12. Ng3 h6 13. d4 Re8 14. Bc2 a5 15. a4
Bc6 16. Bd3 Bb6 17. Qc2 Nh7 18. Be3 Ng5 19. Nxg5 hxg5 20. Rad1 Bd7 21. Bc4 g4
22. Qb3 Rf8 23. hxg4 Bxg4 24. f3 Bd7 25. Kf2 Qe8 26. Ra1 Be6 27. Rh1 Bxc4 28.
Qxc4 Qe6 29. d5 Bxe3+ 30. Kxe3 Qf6 31. Kf2 c6 32. Rad1 b5 33. axb5 cxb5 34.
Qxb5 Rab8 35. Qe2 {illisible} 0-1

[Event "Interclubs Adultes"]
[Site "Evry"]
[Date "2008.06.01"]
[Round "11.4"]
[White "Neiman, Emmanuel"]
[Black "Philippe, Christophe"]
[Result "0-1"]
[WhiteElo "2362"]
[BlackElo "2407"]
[PlyCount "78"]
[EventDate "1.??.??"]
[WhiteTeam "Metz Fischer"]
[BlackTeam "Vandoeuvre"]

1. d4 f5 2. Nf3 Nf6 3. c4 g6 4. g3 Bg7 5. b4 b6 6. Bg2 Bb7 7. Bb2 e6 8. O-O O-O
9. Nbd2 Qe7 10. a4 a5 11. bxa5 Rxa5 12. Nb3 Ra8 13. a5 bxa5 14. Nxa5 Be4 15.
Qd2 d6 16. d5 e5 17. Ra3 h6 18. Rfa1 Qf7 19. Bf1 g5 20. Nxe5 dxe5 21. f3 f4 22.
fxe4 Nxe4 23. Qe1 fxg3 24. hxg3 g4 25. Bg2 Ng5 26. d6 e4 27. Bxg7 Qxg7 28. c5
cxd6 29. cxd6 Nd7 30. Nc6 Rxa3 31. Rxa3 Qb2 32. Ne7+ Kh7 33. Qc3 Qxe2 34. Qe3
Qd1+ 35. Kh2 Qc2 36. Rc3 Qb2 37. Kh1 Qa1+ 38. Qc1 Ra8 39. Qg1 Qxc3 0-1

[Event "Interclubs Adultes"]
[Site "Evry"]
[Date "2008.06.01"]
[Round "11.5"]
[White "Brunner, Nicolas"]
[Black "Koch, Jean-Rene"]
[Result "1-0"]
[WhiteElo "2404"]
[BlackElo "2453"]
[PlyCount "141"]
[EventDate "1.??.??"]
[WhiteTeam "Vandoeuvre"]
[BlackTeam "Metz Fischer"]

1. d4 d5 2. c4 e6 3. Nc3 Bb4 4. e3 Ne7 5. Bd2 O-O 6. a3 Bxc3 7. Bxc3 b6 8. Nf3
Ba6 9. b3 c5 10. Bd3 h6 11. O-O Nbc6 12. Qe2 Rb8 13. Rfd1 Qc7 14. Rac1 Qb7 15.
Ba1 cxd4 16. exd4 Na5 17. Nd2 Rbc8 18. c5 Bxd3 19. Qxd3 b5 20. Bc3 Nac6 21. Nf3
Ng6 22. Bd2 Rfe8 23. Re1 e5 24. dxe5 Ncxe5 25. Nxe5 Nxe5 26. Qg3 Ng6 27. Rxe8+
Rxe8 28. c6 Qe7 29. Qd3 Qxa3 30. h3 Qd6 31. Qxb5 Rc8 32. c7 Kh7 33. Qc5 Qb6 34.
Qxb6 axb6 35. Be3 b5 36. Bb6 Nf8 37. Rd1 Nd7 38. Ba5 Nf6 39. Rd4 Kg8 40. Rb4
Kf8 41. Rxb5 Ke7 42. Kf1 Kd6 43. Rb8 Kd7 44. Ke2 Ne4 45. b4 Nd6 46. Kd3 h5 47.
Kd4 Kc6 48. g4 hxg4 49. hxg4 g5 50. Ke5 Nc4+ 51. Kf6 Kd7 52. Kxg5 d4 53. Rb5
Kd6 54. Kf4 d3 55. Ke4 d2 56. Rd5+ Ke6 57. Rd4 f5+ 58. gxf5+ Kf6 59. Rd8 Ke7
60. Kf3 Nxa5 61. bxa5 Rxc7 62. Rxd2 Rc3+ 63. Kg4 Ra3 64. Rd5 Ra1 65. Rb5 Kf7
66. Rb7+ Kg8 67. Kg5 Rxa5 68. Kg6 Ra8 69. f6 Rc8 70. Rg7+ Kf8 71. Rh7 1-0

[Event "Interclubs Adultes"]
[Site "Evry"]
[Date "2008.06.01"]
[Round "11.6"]
[White "Pucher, Olivier"]
[Black "Paci, Cedric"]
[Result "0-1"]
[WhiteElo "2334"]
[BlackElo "2303"]
[PlyCount "60"]
[EventDate "1.??.??"]
[WhiteTeam "Metz Fischer"]
[BlackTeam "Vandoeuvre"]

1. d4 e6 2. e4 d5 3. Nc3 Nf6 4. Bg5 dxe4 5. Nxe4 Be7 6. Bxf6 gxf6 7. Nf3 b6 8.
Bb5+ c6 9. Bc4 Bb7 10. Qe2 Qc7 11. O-O-O Nd7 12. Kb1 O-O-O 13. Rhe1 Nf8 14. g3
Ng6 15. h4 h5 16. Ba6 Rhe8 17. Bxb7+ Kxb7 18. Qe3 f5 19. Neg5 Bd6 20. Ne5 Bxe5
21. dxe5 Nxe5 22. b3 Ng4 23. Qf3 Rxd1+ 24. Rxd1 f6 25. Nh3 Rd8 26. Rxd8 Qxd8
27. Nf4 Qd2 28. Nd3 Qc3 29. b4 Ne5 30. Nc5+ Qxc5 0-1

[Event "Interclubs Adultes"]
[Site "Evry"]
[Date "2008.06.01"]
[Round "11.7"]
[White "Nezar, Mustapha"]
[Black "Taddei, Benoit"]
[Result "1-0"]
[WhiteElo "2397"]
[BlackElo "2297"]
[PlyCount "69"]
[EventDate "1.??.??"]
[WhiteTeam "Vandoeuvre"]
[BlackTeam "Metz Fischer"]

1. d4 d5 2. c4 dxc4 3. Nf3 c5 4. d5 e6 5. e4 exd5 6. exd5 a6 7. a4 Nf6 8. Bxc4
Bd6 9. O-O O-O 10. Bg5 h6 11. Bh4 g5 12. Bg3 Ne4 13. Nc3 Nxg3 14. hxg3 f5 15.
Re1 Nd7 16. Qd3 Nf6 17. Rad1 Kg7 18. Re6 Ng4 19. Qe2 Qc7 20. Qd2 Qd8 21. Rde1
Bxe6 22. dxe6 Be7 23. Qc2 Qe8 24. Bd3 f4 25. Bf5 Qh5 26. Nd5 fxg3 27. fxg3 Rae8
28. Nxe7 Rxe7 29. Qxc5 Kf6 30. Rf1 b6 31. Qb4 Kxf5 32. Qxe7 Re8 33. Qf7+ Qxf7
34. exf7 Rf8 35. Nh2+ 1-0